UM Logo

The New York City unincorporated business tax: (Record no. 15899)

MARC details
000 -LEADER
fixed length control field 00694nam a2200181 4500
008 - FIXED-LENGTH DATA ELEMENTS--GENERAL INFORMATION
fixed length control field 201217b ||||| |||| 00| 0 eng d
022 ## - INTERNATIONAL STANDARD SERIAL NUMBER
International Standard Serial Number 0732-8435
082 ## - DEWEY DECIMAL CLASSIFICATION NUMBER
Classification number DPer 657.05 C33 Sept - Mar 2015, v. 85 - 86
245 ## - TITLE STATEMENT
Title The New York City unincorporated business tax:
Remainder of title understanding the effect on pass-through entities/
Statement of responsibility, etc. Corey Rosenthal and three others.
260 ## - PUBLICATION, DISTRIBUTION, ETC. (IMPRINT)
Place of publication, distribution, etc. New York:
Name of publisher, distributor, etc. The New York State Society of CPA,
Date of publication, distribution, etc. ©2015.
300 ## - PHYSICAL DESCRIPTION
Extent v85 n12, pages 64-65;
Other physical details illustrations;
Dimensions 28 cm.
650 ## - SUBJECT ADDED ENTRY--TOPICAL TERM
Topical term or geographic name as entry element Taxation.
9 (RLIN) 42693
650 ## - SUBJECT ADDED ENTRY--TOPICAL TERM
Topical term or geographic name as entry element
9 (RLIN) 42712
700 ## - ADDED ENTRY--PERSONAL NAME
Personal name Morhart, J.
Relator term Author.
9 (RLIN) 42715
700 ## - ADDED ENTRY--PERSONAL NAME
Personal name Rabinowits, P.
Relator term Author.
9 (RLIN) 42716
700 ## - ADDED ENTRY--PERSONAL NAME
Personal name Duffy, P.
Relator term Author.
9 (RLIN) 42717
942 ## - ADDED ENTRY ELEMENTS (KOHA)
Source of classification or shelving scheme Dewey Decimal Classification
Koha item type Periodicals
Holdings
Withdrawn status Lost status Source of classification or shelving scheme Damaged status Not for loan Collection code Home library Current library Date acquired Total Checkouts Full call number Date last seen Price effective from Koha item type Public note
    Dewey Decimal Classification     Periodicals UM Digos College - LIC UM Digos College - LIC 01/06/2021   DPer 657.05 C33 Sept - Mar 2015, v. 85 - 86 01/06/2021 01/06/2021 Periodicals Periodical article